Boletín del Comité Pro-Justicia y Paz /
সংরক্ষণ করুন:
| সংস্থা লেখক: | |
|---|---|
| বিন্যাস: | গ্রন্থ |
| ভাষা: | Spanish |
| প্রকাশিত: |
México, D. F.:
Comité Pro-Justicia y Paz
|
| বিষয়গুলি: | |
| ট্যাগগুলো: |
ট্যাগ যুক্ত করুন
কোনো ট্যাগ নেই, প্রথমজন হিসাবে ট্যাগ করুন!
|
MARC
| LEADER | 00000nam a22000007a 4500 | ||
|---|---|---|---|
| 003 | cru CIDCACS/IIS | ||
| 005 | 20201113114046.0 | ||
| 008 | 201113n mx |||p|r||||||0| ||spa|d | ||
| 999 | |c 43507 |d 43507 | ||
| 040 | |c CRAI/IIS | ||
| 090 | |a REV0076 | ||
| 110 | 2 | |9 9732 |a Comité Pro-Justicia y Paz | |
| 245 | 1 | |a Boletín del Comité Pro-Justicia y Paz / |c Comité Pro-Justicia y Paz | |
| 260 | |a México, D. F.: |b Comité Pro-Justicia y Paz | ||
| 270 | |e Apdo. 57-135, cp 06500 | ||
| 500 | |a EXISTENCIAS : 1981 (dic.) 1982 (ene.-feb., abr.-may.) 1985 (2, 2b) 1986 (2-3, 5-8) 1987 (abr., jul.) 1988 abr., agos.) 1989 (abr., jul.) 1990 (oct. esp., nov.) | ||
| 650 | 0 | |9 38 |a DERECHOS HUMANOS | |
| 650 | 0 | |9 88 |a MUJERES | |
| 650 | 0 | |9 113 |a PARTICIPACION DE LA MUJER | |
| 651 | 0 | |9 142 |a GUATEMALA | |
| 942 | |2 ddc |c PP | ||
